000 01119nam a2200193Ia 4500
999 _c40607
_d40607
001 7234
003 GE_BSU
005 20230829160617.0
008 181216s2012||||ge |||||||||||||| ||geo||
040 _cGE_BSU
041 _ageo
080 _a323(479.22) რ-59
100 _aრიმპლი, პოლ
_919722
245 _aვის ეკუთვნოდა საქართველო? :
_b2003-2012 /
_c პოლ რიმპლი ; საერთაშორისო გამჭვირვალობა - საქართველოს მხრიდან ნაშრომის შექმნაში მონაწილეობდა ანალიტიკოსი გიორგი ჭანტურია ; ილუსტ. გიორგი გაგლოშვილი.
264 _aთბილისი :
_bსაერთაშორისო გამჭვირვალობა- საქართველო,
_c2012.
300 _a128 გვ. ;
_c20 სმ.
653 _aვის ეკუთვნოდა საქართველო?
942 _cBK
_2udc